• 首页
  • 本馆介绍
  • 公告通知
  • 最新文献
  • 馆藏检索
  • 电子资源
  • 读者导购
  • 参考咨询
  • 我的图书馆
  • 登录
  • 详细信息显示
  • 放入我的书架
  • 预约/预借图书
  • 作者相关作品
  • 分类相关作品
  • 丛书相关作品
  • 出版社相关作品

书目信息

  • 表格格式
  • 工作单格式
  • 卡片格式
题名:
半导体器件物理
    
 
作者: 王家骅 著
分册:  
出版信息: 北京   科学出版社  1983
页数: 479页
开本: 25cm
丛书名:
单 册:
中图分类: TN303
科图分类:
主题词: 半导体器件--理论
电子资源:
ISBN:
000 00591nam0 2200229 45
001 0183000494
005 20061123101542.65
010    @dCNY4.70
091    @aCN@b13031.2408
100    @a19950706d1983 em y0chiy0121 ea
101 0  @achi
102    @aCN@b110000
105    @ay z 000yy
200 10 @a半导体器件物理@Aban dao ti qi jian wu li@f王家骅著
210    @a北京@c科学出版社@d1983
215    @a479页@d25cm
606    @a半导体器件@x理论
690    @aTN303@v3 
701  0 @a王家骅@Awang jia hua@4著
801  2 @aCN@bNLC@c20061123
801  0 @aCN@bTSSF
905    @a10447@dTN303@e19
    
    半导体器件物理/王家骅著.-北京:科学出版社,1983
    479页;25cm
    
    
    ISBN :CNY4.70
    
●
相关链接 在E读中查询图书 在五车中查询图书 在当当中查询图书 在豆瓣中查询图书


正题名:半导体器件物理     索取号:TN303/19         预约/预借

序号 登录号 条形码 馆藏地/架位号 状态 备注
1 0097961   001351227   密集书库2/ [索取号:TN303/19] 在馆    
2 0097962   001351263   第二样本阅览室/ [索取号:TN303/19] 在馆    
唐山师范学院图书馆 欢迎您!
大连网信软件有限公司© 版权所有